| 000 | 01473nam a2200265 a 4500 | ||
|---|---|---|---|
| 001 | 52584 | ||
| 003 | BD-RjUL | ||
| 005 | 20211209075830.0 | ||
| 008 | 160922s1995 bg a|||| |||| 00| 0 ben d | ||
| 020 | _a9290580917 | ||
| 035 | _a(BD-RjUL)52704 | ||
| 040 |
_aBD-RjUL _bben _cBD-RjUL _dBD-RjUL |
||
| 041 | _aben | ||
| 082 |
_223 _a635.92 _bPAM 1995 |
||
| 100 | 1 |
_aপার্কার, ব্রুস এল _9157224 |
|
| 245 | 1 | 0 |
_aমাঠ নির্দেশিকা : _bএশিয়ার উষ্ণ ও অব-উষ্ণ অঞ্চলের নির্বাচিত সব্জিসমূহের অনিষ্টকারী কীটপতঙ্গ / _cব্রুস এল পার্কার, এন এস তালেকার, ও মার্গারেট স্কিনার ; আউয়াল আহমেদ, অনুবাদক |
| 260 |
_aচায়না _bএশিয়ান ভেজিটেবল রিসার্চ এণ্ড ডেভেলপমেন্ট সেন্টার, _c১৯৯৫ |
||
| 300 |
_a১৬৪ পৃ. : _bচিত্র ; _c১১ সেমি. |
||
| 650 |
_aছত্রাক রোগ _9138757 |
||
| 650 |
_aFungus diseases _9157477 |
||
| 700 |
_aতালেকার, এন এস _9157478 |
||
| 700 |
_aস্কিনার, মার্গারেট _9157479 |
||
| 700 |
_aআহমেদ, আউয়াল অনুবাদক _9157480 |
||
| 942 |
_2ddc _cBK |
||
| 999 |
_c52584 _d52584 |
||